书目信息 |
| 题名: |
东京梦华录
|
|
| 作者: | 杨春俏 译注 | |
| 分册: | ||
| 出版信息: | 北京 中华书局 2020 |
|
| 页数: | 33,769页 | |
| 开本: | 21cm | |
| 丛书名: | 中华经典名著全本全注全译丛书 | |
| 单 册: | ||
| 中图分类: | K296.13 | |
| 科图分类: | ||
| 主题词: | ||
| 电子资源: | ||
| ISBN: | 978-7-101-14611-0 | |
| 000 | 01050oam2 2200253 450 | |
| 001 | 2131046698 | |
| 005 | 20211029202829.0 | |
| 010 | @a978-7-101-14611-0@b精装@dCNY64.00 | |
| 100 | @a20200922d2020 em y0chiy0120 ea | |
| 101 | 0 | @achi |
| 102 | @aCN@b110000 | |
| 105 | @ay z 000yy | |
| 106 | @ar | |
| 200 | 1 | @a东京梦华录@Adong jing meng hua lu@f杨春俏译注 |
| 210 | @a北京@c中华书局@d2020 | |
| 215 | @a33,769页@d21cm | |
| 225 | 2 | @a中华经典名著全本全注全译丛书@Azhong hua jing dian ming zhu quan ben quan zhu quan yi cong shu |
| 330 | @a本书以回忆口吻记述北宋末年东京汴梁城的情况,包括城市建筑布局、官署衙门分布、朝廷礼仪庆典、民风习俗、时令节日、饮食起居、歌舞百戏等,与同时代画家张择端所作《清明上河图》一样,描绘了开封这座12世纪上半叶最繁华城市中王公贵族与庶民百姓的日常生活情景。 | |
| 461 | 0 | @12001 @a中华经典名著全本全注全译丛书 |
| 607 | @a开封@Akai feng@x地方史@z北宋@j史料 | |
| 690 | @aK296.13@v5 | |
| 701 | 0 | @a杨春俏@Ayang chun qiao@c(女,@f1972~)@4译注 |
| 801 | 0 | @aCN@b百万庄@c20211029 |
| 905 | @b1313175-78@dK296.13@e452@f4 | |
| 东京梦华录/杨春俏译注.-北京:中华书局,2020 |
| 33,769页;21cm.-(中华经典名著全本全注全译丛书) |
| ISBN 978-7-101-14611-0(精装):CNY64.00 |
| 本书以回忆口吻记述北宋末年东京汴梁城的情况,包括城市建筑布局、官署衙门分布、朝廷礼仪庆典、民风习俗、时令节日、饮食起居、歌舞百戏等,与同时代画家张择端所作《清明上河图》一样,描绘了开封这座12世纪上半叶最繁华城市中王公贵族与庶民百姓的日常生活情景。 |
| ● |
| 相关链接 |
|
|
|
|
正题名:东京梦华录
索取号:K296.13/452
 
预约/预借
| 序号 | 登录号 | 条形码 | 馆藏地/架位号 | 状态 | 备注 |
| 1 | 1313175 | 213131751 | 第二样本阅览室/ [索取号:K296.13/452] | 在馆 | |
| 2 | 1313176 | 213131760 | 第二借阅区/ [索取号:K296.13/452] | 在馆 | |
| 3 | 1313177 | 213131779 | 第二借阅区/ [索取号:K296.13/452] | 在馆 | |
| 4 | 1313178 | 213131788 | 第二借阅区/ [索取号:K296.13/452] | 在馆 |